000 01281na a2200337 4500
001 20998
003 MIRAKIL
005 20181213155242.0
008 170130b tu 000 0
020 _a9757215473
035 _a20998
040 _aMilas
_btur
_cTR-AnCHP
041 _atur
082 _a330.9561
_bM97t 2004
090 _a330.9561 M97t 2004
110 _aMüstakil Sanayici ve İşadamları Derneği
245 _aTürkiye ekonomisi 2004
_b2003 yılı değerlendirmesi
_b2004 yılı beklentileri
_bMÜSİAD'ın ekonomide yeniden yapılanma önerileri
_cMÜSİAD
246 _a2003 yılı değerlendirmesi
246 _a2004 yılı beklentileri
246 _aMÜSİAD'ın ekonomide yeniden yapılanma önerileri
260 _aİstanbul
_bMÜSİAD
_c2004
_fBilge Matbaacılık
300 _a104 s.
_btbl. ; grf.
_c30 sm.
490 _aMÜSİAD Araştırma raporları
_v45
610 _aMüstakil Sanayici Ve İş Adamları Derneği (MÜSİAD)
_xEkonomik durum
_yRaporlar
650 _aTürkiye
_xEkonomik durum
710 _aMüstakil Sanayici ve İş Adamları Derneği (MÜSİAD)
740 _a2003 yılı değerlendirmesi
740 _a2004 yılı beklentileri
740 _aMÜSİAD'ın ekonomide yeniden yapılanma önerileri
942 _2dcc
_cBKS
999 _c9299
_d9299